00453cam a22001572 4500001001100000005001700011008004100028040001500069100003100084245007200115250001300187260004700200300001200247650003300259852000300292000000977220151217155844.0081127s xx 000 0 eng d aKABUcKABU1 aLambert, H. E.@000016155110aKi-Vumba :ba dialect of the Southern Kenya coast /cH. E. Lambert. a1st ed. aKampala :bE. A. Swahili Committee,c1957. a101 p. 0aKivumba dialect.@00001615541